El general de la Rovere (y otros héroes) / (Registro nro. 41941)
[ vista simple ]
| 000 -LEADER | |
|---|---|
| fixed length control field | 01149cam a2200349 i 4500 |
| 001 - CONTROL NUMBER | |
| control field | 41941 |
| 003 - CONTROL NUMBER IDENTIFIER | |
| control field | Mx-PuUPA |
| 005 - DATE AND TIME OF LATEST TRANSACTION | |
| control field | 20251015123805.0 |
| 008 - FIXED-LENGTH DATA ELEMENTS--GENERAL INFORMATION | |
| fixed length control field | 140415s1970 sp gr 000 f spa d |
| 017 ## - COPYRIGHT OR LEGAL DEPOSIT NUMBER | |
| Copyright or legal deposit number | B. 31.051 - 1970 |
| 040 ## - CATALOGING SOURCE | |
| Transcribing agency | Mx-PuUPA |
| Original cataloging agency | Mx-PuUPA |
| Language of cataloging | spa |
| Modifying agency | Mx-PuUPA |
| Description conventions | rda |
| 041 1# - LANGUAGE CODE | |
| Language code of text/sound track or separate title | spa |
| Language code of original | ita |
| 043 ## - GEOGRAPHIC AREA CODE | |
| Geographic area code | e-it--- |
| 100 1# - MAIN ENTRY--PERSONAL NAME | |
| Personal name | Montanelli, Indro, |
| Dates associated with a name | 1909-2001 |
| 9 (RLIN) | 17503 |
| Relator term | autor |
| 240 13 - UNIFORM TITLE | |
| Uniform title | In Generale della Rovere. |
| Language of a work | Español |
| 245 13 - TITLE STATEMENT | |
| Title | El general de la Rovere (y otros héroes) / |
| Statement of responsibility, etc. | Indro Montanelli ; traducción de Domingo Pruna |
| 264 #1 - PRODUCTION, PUBLICATION, DISTRIBUTION, MANUFACTURE, AND COPYRIGHT NOTICE | |
| Place of production, publication, distribution, manufacture | Barcelona, España : |
| Name of producer, publisher, distributor, manufacturer | Plaza & Janes, |
| Date of production, publication, distribution, manufacture, or copyright notice | ©1970 |
| 300 ## - PHYSICAL DESCRIPTION | |
| Extent | 158 páginas ; |
| Dimensions | 19 cm |
| 336 ## - CONTENT TYPE | |
| Fuente | rdacontent |
| Content type term | texto |
| Content type code | txt |
| 337 ## - MEDIA TYPE | |
| Source | rdamedia |
| Media type term | sin medio |
| Media type code | n |
| 338 ## - CARRIER TYPE | |
| Source | rdacarrier |
| Carrier type term | volumen |
| Carrier type code | nc |
| 490 0# - SERIES STATEMENT | |
| Series statement | Rotativa |
| 600 14 - SUBJECT ADDED ENTRY--PERSONAL NAME | |
| Personal name | Bertone, Giovanni |
| Form subdivision | Novela |
| 650 #7 - SUBJECT ADDED ENTRY--TOPICAL TERM | |
| Source of heading or term | armarc |
| Topical term or geographic name entry element | Guerra Mundial |
| Chronological subdivision | 1939-1945 |
| Form subdivision | Novela |
| 651 #4 - SUBJECT ADDED ENTRY--GEOGRAPHIC NAME | |
| Geographic name | Italia |
| Geographic subdivision | Historia |
| Form subdivision | Novela |
| 655 #4 - INDEX TERM--GENRE/FORM | |
| Genre/form data or focus term | Novela |
| 700 1# - ADDED ENTRY--PERSONAL NAME | |
| Personal name | Pruna, Domingo |
| Relator term | traductor |
| 942 ## - ADDED ENTRY ELEMENTS (KOHA) | |
| Source of classification or shelving scheme | Dewey Decimal Classification |
| Koha item type | Libro |
| Classification part | 853 |
| Item part | M7318 |
| Withdrawn status | Lost status | Source of classification or shelving scheme | Damaged status | Not for loan | Collection code | Home library | Current library | Shelving location | Date acquired | Source of acquisition | Cost, normal purchase price | Total Checkouts | Full call number | Barcode | Date last seen | Cost, replacement price | Price effective from | Koha item type |
|---|---|---|---|---|---|---|---|---|---|---|---|---|---|---|---|---|---|---|
| Dewey Decimal Classification | General | Biblioteca Karol Wojtyla | Biblioteca Karol Wojtyla | Sala general | 03/12/2013 | Donación | 0.00 | 853 M7318 1970 | 63253 | 05/01/2026 | 0.00 | 03/12/2013 | Libro |